Biblioteca y Centro de Documentación

The Quality of Life of Female Informal Caregivers (Registro nro. 46446)

Detalles MARC
000 -CABECERA
Longitud fija campo de control 01190naa a2200313 c 4500
001 - NÚMERO DE CONTROL
Número de control 46446
003 - IDENTIFICADOR DE NÚMERO DE CONTROL
Identificador del número de control ES-MaCES
005 - FECHA Y HORA DE LA ÚLTIMA TRANSACCIÓN
Fecha y hora de la última transacción 20150925104036.0
008 - CAMPO FIJO DE DESCRIPCIÓN FIJA--INFORMACIÓN GENERAL
Códigos de información de longitud fija   150925s2015 sp ||||| t||||||| ||spa d
040 ## - FUENTE DE CATALOGACIÓN
Centro catalogador de origen ES-MaCES
Lengua de catalogación spa
Centro transcriptor ES-MaCES
Centro modificado ES-MaCES
100 1# - ENCABEZAMIENTO PRINCIPAL--NOMBRE PERSONAL
9 (RLIN) 36030
Nombre de persona Di Novi, Cinzia
245 14 - MENCIÓN DE TÍTULO
Título The Quality of Life of Female Informal Caregivers
Resto del título : From Scandinavia to the Mediterranean Sea
Mención de responsabilidad, etc. Cinzia Di Novi, Rowena Jacobs, Matteo Migheli
500 ## - NOTA GENERAL
Nota general Resumen
504 ## - NOTA DE BIBLIOGRAFÍA, ETC.
Nota de bibliografía, etc. Bibliografía: p. 329-333
650 #4 - ASIENTO SECUNDARIO DE MATERIA--TÉRMINO DE MATERIA
9 (RLIN) 30651
Término de materia o nombre geográfico como elemento inicial cuidado no profesional
650 #4 - ASIENTO SECUNDARIO DE MATERIA--TÉRMINO DE MATERIA
9 (RLIN) 29260
Término de materia o nombre geográfico como elemento inicial ama de casa
650 #4 - ASIENTO SECUNDARIO DE MATERIA--TÉRMINO DE MATERIA
9 (RLIN) 28657
Término de materia o nombre geográfico como elemento inicial mujeres
650 #4 - ASIENTO SECUNDARIO DE MATERIA--TÉRMINO DE MATERIA
9 (RLIN) 28334
Término de materia o nombre geográfico como elemento inicial trabajo a domicilio
650 #4 - ASIENTO SECUNDARIO DE MATERIA--TÉRMINO DE MATERIA
9 (RLIN) 28327
Término de materia o nombre geográfico como elemento inicial condiciones de trabajo
650 #4 - ASIENTO SECUNDARIO DE MATERIA--TÉRMINO DE MATERIA
9 (RLIN) 29237
Término de materia o nombre geográfico como elemento inicial calidad de la vida
650 #4 - ASIENTO SECUNDARIO DE MATERIA--TÉRMINO DE MATERIA
9 (RLIN) 30622
Término de materia o nombre geográfico como elemento inicial comparabilidad internacional
650 #4 - ASIENTO SECUNDARIO DE MATERIA--TÉRMINO DE MATERIA
9 (RLIN) 26940
Término de materia o nombre geográfico como elemento inicial Europa
653 10 - TÉRMINO DE INDEXACIÓN--NO CONTROLADO
Término no controlado Mujer
700 1# - ENCABEZAMIENTO SECUNDARIO--NOMBRE PERSONAL
9 (RLIN) 36031
Nombre de persona Jacobs, Rowena
700 1# - ENCABEZAMIENTO SECUNDARIO--NOMBRE PERSONAL
9 (RLIN) 36032
Nombre de persona Migheli, Matteo
773 0# - ENTRADA DE DOCUMENTO FUENTE
Itemnumber del ítem fuente 83413
Lugar, editor y fecha de publicación Dordrecht (P.O. Box 322, 3300 AH) Kluwer Academic
Otro identificador del documento 086313
Título European journal of population
Número de control del registro relacionado (ES-MaCES)25397
Parte(s) relacionada(s) vol. 31, no. 3 (Aug. 2015) {10387 R. 086313} ;p. 309-333
902 ## - CES. TIPO DE DOCUMENTO
Tipodoc (006$c Sirtex) ART Artículo de revista
942 ## - ELEMENTOS KOHA
Fuente de clasificaión o esquema Clasificación propia del CES
Koha [por defecto] tipo de item Artículos (1982-2017)
Parte de clasificación Asuntos Sociales

No hay ítems disponibles.

© CES, Consejo Económico y Social de España 2021